000 00797nam a2200265 i 4500
001 10132
003 ES-MaACL
005 20250829050155.0
007 t|
008 950302s1994 sp ||||1| spa d
020 _a84-8230-001-6
080 _a130.2"19"
100 1 _aCisneros, Marcelino de.
_938923
245 1 0 _aFinitud y trascendencia
_b: (problema metafísico central de la postmodernidad) /
_cMarcelino de Cisneros.
250 _a[1ª ed.].
260 _aMadrid :
_bIberediciones,
_cD.L. 1994.
300 _a539 p. ;
_c21 cm.
490 1 _aParteluz ;
_v10
500 _aIndices.
504 _aBiliografía : p. 527-539.
650 1 7 _aPostmodernismo
_2embne
_916329
830 0 _aParteluz ;
_v10
_9179462
852 _aES-MaACL
_jC-12662
_bR.123700
999 _c10132
_d10132